000 00942nam a22002657a 4500
003 DO-SdBPM
005 20250305133331.0
008 161027b2010 p 00| 0 spa d
020 _a9786124026706
040 _aDO-SdBPM
_bspa
_cBPMSU
_erda
082 4 _a808.83
_bC298L 2010
_222
100 1 _aSoria Carpio, Flor
_d1962-
_c
245 1 0 _aMis rimacuentos :
_bEl libro de la selva /
_cRudyard Kinpling ; adaptación Flor Soria Carpio
260 _aLima, Perú :
_bEditorial Didáctica,
_c2010
300 _a6 p. :
_bil. ;
_c21 cm
490 0 _aMis rimacuentos ;
_aCuentos clásicos en divertidas rimas
_v
590 _aInventariado, 2025/VM
650 4 _aCuentos infantiles
_vColecciones
650 4 _aCuentos infantiles
_vAdaptaciones
650 4 _aLibros ilustrados para niños
650 4 _aRimas
_vCuentos
700 1 _aKinpling, Rudyard
_tEl libro de la selva
_d
910 _aVMateo V. Control de calidad. BPMSU
942 _2ddc
_cBK
999 _c14979
_d14979